[Event "21st European Teams Women"]
[Site "Hersonissos GRE"]
[Date "2017.10.31"]
[Round "4.4"]
[Board "3"]
[White "Pavlidou, Ekaterini"]
[Black "Galojan, Lilit"]
[Result "1/2-1/2"]
[WhiteTitle "WIM"]
[BlackTitle "IM"]
[WhiteElo "2198"]
[BlackElo "2291"]
[WhiteTeam "Greece 1"]
[BlackTeam "Armenia"]
[WhiteFideId "4213262"]
[BlackFideId "13301314"]
[EventDate "2017.10.28"]

1. d4 Nf6 2. c4 e6 3. Nc3 Bb4 4. Qc2 O-O 5. e4 d5 6. e5 Ne4 7. Bd3 c5 8. Ne2
cxd4 9. Nxd4 Nd7 10. Bf4 Ndc5 11. O-O Bxc3 12. bxc3 Bd7 13. Be2 Ba4 14. Qb2 h6
15. f3 Ng5 16. Qa3 b6 17. Nb3 Qc7 18. Kh1 Bxb3 19. axb3 dxc4 20. Bxc4 Rfd8 21.
Rfd1 Rxd1+ 22. Rxd1 Rd8 23. Rd4 Nh7 24. h3 Nf8 25. Rxd8 Qxd8 26. Qxa7 Ng6 27.
Bg3 h5 28. Qa1 h4 29. Bh2 Qd2 30. b4 Nd3 31. Bxd3 Qxd3 32. Qe1 b5 33. Bg1 Qc2
34. Bh2 Qd3 35. Bg1 Qc2 36. Bh2 1/2-1/2

[Event "21st European Teams Women"]
[Site "Hersonissos GRE"]
[Date "2017.10.31"]
[Round "4.4"]
[Board "4"]
[White "Gevorgyan, Maria"]
[Black "Avramidou, Anastasia"]
[Result "1-0"]
[WhiteTitle "WIM"]
[BlackTitle "FM"]
[WhiteElo "2262"]
[BlackElo "2257"]
[WhiteTeam "Armenia"]
[BlackTeam "Greece 1"]
[WhiteFideId "13300270"]
[BlackFideId "4239873"]
[EventDate "2017.10.28"]

1. e4 e6 2. d4 d5 3. Nd2 c5 4. exd5 Qxd5 5. Ngf3 cxd4 6. Bc4 Qh5 7. O-O Nf6 8.
Nb3 Be7 9. Nbxd4 O-O 10. Qe2 Nc6 11. Nxc6 bxc6 12. Rd1 c5 13. a4 Bb7 14. Ra3
Rfd8 15. Re1 Nd5 16. Rb3 Rab8 17. a5 Bd6 18. h3 Nf4 19. Bxf4 Bxf4 20. Rxb7 Rxb7
21. Qe4 Rxb2 22. Qxf4 Qh6 23. Qc7 Qf6 24. Bb3 h6 25. Qxc5 a6 26. Ne5 Rd2 27. Qe3
Rdxc2 28. Bxc2 Rxc2 29. Rb1 Rc7 30. Rb6 Qd8 31. Rxa6 Qd1+ 32. Kh2 Qd5 33. Qg3
Rc5 34. Ng4 Kh7 35. Rd6 Qf5 36. a6 Ra5 37. Rb6 Ra2 38. Qf3 Qc5 39. Qxf7 Qf5 40.
Qxf5+ exf5 41. Ne5 Rxf2 42. a7 Ra2 43. Nc6 f4 44. Kg1 1-0

[Event "21st European Teams Women"]
[Site "Hersonissos GRE"]
[Date "2017.10.31"]
[Round "4.5"]
[Board "2"]
[White "Efroimski, Marsel"]
[Black "Milliet, Sophie"]
[Result "1/2-1/2"]
[WhiteTitle "WGM"]
[BlackTitle "IM"]
[WhiteElo "2329"]
[BlackElo "2377"]
[WhiteTeam "Israel"]
[BlackTeam "France"]
[WhiteFideId "2810964"]
[BlackFideId "623725"]
[EventDate "2017.10.28"]

1. e4 c5 2. Nf3 d6 3. Nc3 Nf6 4. e5 dxe5 5. Nxe5 a6 6. Be2 e6 7. Bf3 Qc7 8. Nc4
Bd7 9. O-O Bc6 10. a4 b6 11. d3 Be7 12. Re1 O-O 13. Ne5 Bb7 14. Bf4 Bd6 15. Bg3
Nc6 16. Nxc6 Bxg3 17. hxg3 Bxc6 18. Bxc6 Qxc6 19. Qf3 Qxf3 20. gxf3 Rfd8 21. Re5
Nd7 22. Re2 Nb8 23. f4 Nc6 24. Kg2 Nd4 25. Rd2 Rac8 26. b3 h6 27. Nd1 f6 28. Ne3
b5 29. Rdd1 b4 30. Rh1 Kf7 31. Rh5 Ke7 32. Re1 Kf7 1/2-1/2

[Event "21st European Teams Women"]
[Site "Hersonissos GRE"]
[Date "2017.10.31"]
[Round "4.5"]
[Board "3"]
[White "Skripchenko, Almira"]
[Black "Klinova, Masha"]
[Result "1-0"]
[WhiteTitle "IM"]
[BlackTitle "IM"]
[WhiteElo "2399"]
[BlackElo "2289"]
[WhiteTeam "France"]
[BlackTeam "Israel"]
[WhiteFideId "13900145"]
[BlackFideId "2802015"]
[EventDate "2017.10.28"]

1. e4 d6 2. d4 Nf6 3. Nc3 g6 4. h3 Bg7 5. g4 h6 6. Bg2 c6 7. Nge2 Nbd7 8. Be3 e5
9. O-O O-O 10. Qd2 h5 11. g5 Nh7 12. f4 Nb6 13. b3 exf4 14. Bxf4 d5 15. e5 Be6
16. Nd1 c5 17. c3 cxd4 18. cxd4 Qd7 19. Nf2 Rfc8 20. Rfc1 Bf8 21. a4 a5 22. Qe3
Be7 23. h4 Qd8 24. Nc3 Nf8 25. Nb5 Rxc1+ 26. Rxc1 Rc8 27. Nd3 Nbd7 28. Bg3 Rxc1+
29. Qxc1 Nb8 30. Nf4 Nc6 31. Be1 Nb4 32. Qc7 Qxc7 33. Nxc7 Bd8 34. Ncxd5 Nxd5
35. Bxd5 Bxd5 36. Nxd5 Ne6 37. Bf2 Kf8 38. Kg2 Ke8 39. Kf3 Kd7 40. Ke4 Ng7 41.
Nf6+ Kc8 42. d5 Nf5 43. Nxh5 1-0

[Event "21st European Teams Women"]
[Site "Hersonissos GRE"]
[Date "2017.10.31"]
[Round "4.5"]
[Board "4"]
[White "Gutmakher, Olga"]
[Black "Collas, Silvia"]
[Result "1/2-1/2"]
[WhiteTitle "WIM"]
[BlackTitle "IM"]
[WhiteElo "2226"]
[BlackElo "2288"]
[WhiteTeam "Israel"]
[BlackTeam "France"]
[WhiteFideId "2807602"]
[BlackFideId "2902265"]
[EventDate "2017.10.28"]

1. e4 e5 2. Nf3 Nc6 3. Bc4 Nf6 4. d3 Bc5 5. O-O O-O 6. Nbd2 d6 7. c3 a6 8. Bb3
Ba7 9. h3 Ne7 10. Re1 Ng6 11. Nf1 h6 12. Ng3 c6 13. d4 Qc7 14. Be3 Re8 15. Qd2
exd4 16. Bxh6 dxc3 17. Qxc3 Ne5 18. Bf4 Be6 19. Bxe5 dxe5 20. Bxe6 Rxe6 21. Ng5
Rd6 22. Nf5 Rd7 23. Re2 Rad8 24. Qg3 Rd3 25. Nf3 g6 26. Rae1 Nh5 27. Qg5 Nf4 28.
Nh6+ Kf8 29. Qf6 Rd1 30. Kh2 Nxe2 31. Rxe2 Bd4 32. Ng5 Rd6 33. Nh7+ Ke8 34. Qh8+
Kd7 35. Nxf7 c5 36. Nf6+ Kc6 37. Qe8+ Kb6 38. Nxd6 Qxd6 39. Qxg6 Ka7 40. Qf5 c4
41. Nd5 Ra1 42. Qc8 Bc5 43. a3 Rf1 44. Qf5 Bd4 45. Rc2 Qc5 46. Kg3 Qb5 47. Qf3
Qb3 48. Qxb3 cxb3 49. Rd2 Rb1 50. Nc3 Bxc3 51. bxc3 Rc1 52. Rb2 Rxc3+ 53. f3 Kb6
54. h4 Kb5 55. Kg4 Ka4 56. Rb1 Kxa3 57. h5 Ka2 58. Rh1 b2 59. h6 b1=Q 60. Rxb1
Kxb1 61. h7 Rc8 62. Kh5 Rc1 63. g4 Rh1+ 64. Kg6 a5 65. g5 a4 66. Kg7 a3 67. h8=Q
Rxh8 68. Kxh8 a2 69. g6 a1=Q 70. g7 Kc2 71. g8=Q Qh1+ 72. Qh7 Qxh7+ 73. Kxh7 Kd3
74. Kg6 Ke3 75. Kg5 Kd4 76. f4 exf4 77. Kxf4 b5 78. e5 Kd5 79. Kf5 b4 80. e6 b3
81. e7 b2 82. e8=Q 1/2-1/2

[Event "21st European Teams Women"]
[Site "Hersonissos GRE"]
[Date "2017.10.31"]
[Round "4.6"]
[Board "1"]
[White "Hoang, Thanh Trang"]
[Black "Muzychuk, Anna"]
[Result "1/2-1/2"]
[WhiteTitle "GM"]
[BlackTitle "GM"]
[WhiteElo "2438"]
[BlackElo "2576"]
[WhiteTeam "Hungary"]
[BlackTeam "Ukraine"]
[WhiteFideId "12400149"]
[BlackFideId "14111330"]
[EventDate "2017.10.28"]

1. d4 Nf6 2. Nf3 g6 3. Bf4 Bg7 4. e3 O-O 5. Be2 d6 6. O-O Nc6 7. h3 Re8 8. c4 e5
9. Bh2 exd4 10. exd4 Ne4 11. Nc3 Nxc3 12. bxc3 Bf5 13. Re1 Na5 14. Nd2 c5 15.
Nb3 Nxb3 16. Qxb3 cxd4 17. cxd4 Bxd4 18. Rad1 Qa5 19. Bxd6 Rad8 20. Bb4 Qb6 21.
c5 Bxc5 22. Bxc5 Rxd1 23. Bxb6 Rxe1+ 24. Kh2 axb6 25. Bf3 Be4 26. Bxe4 R1xe4 27.
Qxb6 Ra4 28. Qb5 Raa8 29. a4 Red8 30. f4 Ra6 31. Qxb7 Rxa4 32. f5 gxf5 33. Qe7
Rad4 1/2-1/2

[Event "21st European Teams Women"]
[Site "Hersonissos GRE"]
[Date "2017.10.31"]
[Round "4.6"]
[Board "2"]
[White "Zhukova, Natalia"]
[Black "Lazarne Vajda, Szidonia"]
[Result "1-0"]
[WhiteTitle "GM"]
[BlackTitle "IM"]
[WhiteElo "2426"]
[BlackElo "2364"]
[WhiteTeam "Ukraine"]
[BlackTeam "Hungary"]
[WhiteFideId "14101513"]
[BlackFideId "723894"]
[EventDate "2017.10.28"]

1. c4 e5 2. Nc3 Nf6 3. Nf3 Nc6 4. g3 Bc5 5. Nxe5 Nxe5 6. d4 Qe7 7. Bg2 Bb4 8.
dxe5 Qxe5 9. Bd2 O-O 10. a3 Bc5 11. Bf4 Qe6 12. b4 Be7 13. Nd5 Nxd5 14. cxd5 Qb6
15. d6 cxd6 16. O-O a5 17. Qa4 d5 18. Bxd5 d6 19. Be3 Qd8 20. b5 h5 21. Rac1 Bg5
22. Bxg5 Qxg5 23. Qd4 Bh3 24. Rfd1 Rac8 25. Rxc8 Rxc8 26. Bxb7 Rc1 27. Bd5 Qe5
28. Qd2 Rxd1+ 29. Qxd1 Qb2 30. a4 Qb4 31. Bg2 Be6 32. h3 Bb3 33. Qb1 d5 34. b6
g6 35. e3 Kh7 36. Bf3 1-0

[Event "21st European Teams Women"]
[Site "Hersonissos GRE"]
[Date "2017.10.31"]
[Round "4.6"]
[Board "3"]
[White "Papp, Petra"]
[Black "Gaponenko, Inna"]
[Result "1/2-1/2"]
[WhiteTitle "WGM"]
[BlackTitle "IM"]
[WhiteElo "2326"]
[BlackElo "2433"]
[WhiteTeam "Hungary"]
[BlackTeam "Ukraine"]
[WhiteFideId "739049"]
[BlackFideId "14101181"]
[EventDate "2017.10.28"]

1. e4 g6 2. d4 Bg7 3. Nc3 d6 4. Bg5 a6 5. Qd2 Nd7 6. a4 c5 7. d5 Qa5 8. Ra2 Ngf6
9. f3 h6 10. Be3 Ne5 11. Nb1 Qxd2+ 12. Nxd2 e6 13. Nc4 Nxc4 14. Bxc4 exd5 15.
exd5 Rb8 16. Bf4 Ke7 17. a5 b5 18. axb6 Bb7 19. Bc1 Bxd5 20. Bxd5 Nxd5 21. Rxa6
Ra8 22. Rxa8 Rxa8 23. b7 Rb8 24. c3 Rxb7 25. Ne2 Ra7 26. Kd1 Kd7 27. Kc2 Kc6 28.
Nf4 Nxf4 29. Bxf4 Re7 30. Kd2 Rb7 31. Kc2 Re7 32. Kd2 Rb7 33. Kc2 1/2-1/2

[Event "21st European Teams Women"]
[Site "Hersonissos GRE"]
[Date "2017.10.31"]
[Round "4.6"]
[Board "4"]
[White "Osmak, Iulija"]
[Black "Gara, Anita"]
[Result "1-0"]
[WhiteTitle "IM"]
[BlackTitle "IM"]
[WhiteElo "2339"]
[BlackElo "2382"]
[WhiteTeam "Ukraine"]
[BlackTeam "Hungary"]
[WhiteFideId "14101602"]
[BlackFideId "709751"]
[EventDate "2017.10.28"]

1. d4 Nf6 2. Bg5 d5 3. Nd2 h6 4. Bxf6 exf6 5. e3 Bf5 6. Ngf3 Bd6 7. c4 dxc4 8.
Bxc4 O-O 9. O-O Nc6 10. a3 Qd7 11. Rc1 a6 12. Re1 Rad8 13. Nb3 Bg4 14. h3 Bh5
15. Be2 f5 16. Nc5 Qc8 17. Nxa6 f4 18. Nc5 fxe3 19. fxe3 Rfe8 20. Nd2 Bxe2 21.
Rxe2 Ne7 22. Rf2 Nd5 23. Qf3 Nxe3 24. Nxb7 f5 25. Nxd8 Qxd8 26. Nc4 Nxc4 27.
Rxc4 Qg5 28. Re2 Rxe2 29. Qxe2 Qf4 30. Qf2 Qe4 31. Rc1 Qd3 32. Rf1 Bg3 33. Qxf5
Qxd4+ 34. Kh1 Qxb2 35. Qe6+ Kh7 36. Qe4+ Kg8 37. Qd5+ Kh7 38. Qd3+ 1-0

[Event "21st European Teams Women"]
[Site "Hersonissos GRE"]
[Date "2017.10.31"]
[Round "4.7"]
[Board "1"]
[White "Havlikova, Kristyna"]
[Black "Atalik, Ekaterina"]
[Result "0-1"]
[WhiteTitle "WIM"]
[BlackTitle "IM"]
[WhiteElo "2272"]
[BlackElo "2468"]
[WhiteTeam "Czech Republic"]
[BlackTeam "Turkey"]
[WhiteFideId "309672"]
[BlackFideId "4130189"]
[EventDate "2017.10.28"]

1. e4 c6 2. d4 d5 3. Nc3 dxe4 4. Nxe4 Bf5 5. Ng3 Bg6 6. h4 h6 7. Nf3 e6 8. Ne5
Bh7 9. Bd3 Bxd3 10. Qxd3 Nd7 11. f4 c5 12. Qb5 cxd4 13. Ne2 Nf6 14. Nxd7 Qxd7
15. Qxd7+ Kxd7 16. Nxd4 Bc5 17. Nb3 Bb6 18. Ke2 Rac8 19. c3 Nd5 20. h5 Rhg8 21.
Bd2 g6 22. Kf3 f5 23. hxg6 Rxg6 24. Rh3 Nf6 25. Rg3 Ng4 26. Be1 Rc4 27. Rd1+ Kc6
28. Rh3 Re4 29. Bd2 Nf2 30. Rdh1 Nxh3 31. Rxh3 Rg8 32. Rxh6 Rd8 33. Kg3 Re2 34.
Kf3 Rdxd2 35. Nxd2 Re3+ 0-1

[Event "21st European Teams Women"]
[Site "Hersonissos GRE"]
[Date "2017.10.31"]
[Round "4.7"]
[Board "4"]
[White "Arda, Cagil Irmak"]
[Black "Novosadova, Kristyna"]
[Result "1/2-1/2"]
[WhiteTitle "WFM"]
[WhiteElo "2040"]
[BlackElo "2184"]
[WhiteTeam "Turkey"]
[BlackTeam "Czech Republic"]
[WhiteFideId "6351700"]
[BlackFideId "328065"]
[EventDate "2017.10.28"]

1. e4 e5 2. Nf3 Nc6 3. Bb5 a6 4. Ba4 Nf6 5. O-O Be7 6. Bxc6 dxc6 7. d3 Bg4 8. h3
Bxf3 9. Qxf3 Qd6 10. Nc3 Nd7 11. Qg3 g5 12. Bxg5 O-O-O 13. Bxe7 Qxe7 14. Ne2 h5
15. Qe3 h4 16. Rab1 Rhg8 17. Kh1 Kb8 18. b4 Rg5 19. a4 Rdg8 20. Rg1 f5 21. exf5
Rxf5 22. Nd4 Rf4 23. c3 Nb6 24. Nf3 Nd5 25. Qd2 Qe6 26. Nh2 Qf6 27. f3 Ne7 28.
Qe1 Nf5 29. Ng4 Rfxg4 30. hxg4 Ng3+ 31. Kh2 Qf4 32. Kh3 Ne2 33. Qxh4 Qf8 34.
Rge1 Nxc3 35. Rbc1 Rh8 36. Rxc3 Rxh4+ 37. Kxh4 Qh6+ 38. Kg3 Qf4+ 39. Kh3 Qh6+ 1/2-1/2

[Event "21st European Teams Women"]
[Site "Hersonissos GRE"]
[Date "2017.10.31"]
[Round "4.8"]
[Board "1"]
[White "Cornette, Deimante"]
[Black "Ziaziulkina, Nastassia"]
[Result "1-0"]
[WhiteTitle "IM"]
[BlackTitle "IM"]
[WhiteElo "2404"]
[BlackElo "2369"]
[WhiteTeam "Lithuania"]
[BlackTeam "Belarus"]
[WhiteFideId "12802859"]
[BlackFideId "13505211"]
[EventDate "2017.10.28"]

1. e4 c5 2. Nf3 d6 3. d4 cxd4 4. Nxd4 Nf6 5. Nc3 a6 6. Be2 e6 7. O-O Be7 8. f4
O-O 9. Kh1 Qc7 10. Qd3 Nc6 11. Nxc6 bxc6 12. b3 d5 13. Bb2 Rd8 14. e5 Nd7 15.
Qh3 Nf8 16. Nd1 c5 17. Ne3 d4 18. Nc4 Ng6 19. Bd3 Bb7 20. Bc1 Rf8 21. Bd2 Rae8
22. Rae1 Bd5 23. Kg1 Qc6 24. Re2 Qc7 25. Ba5 Qb8 26. Be1 Qc7 27. Qg4 Qd8 28. Nd2
Bb7 29. Ne4 Kh8 30. Qh5 Qd5 31. Rf3 h6 32. Rf1 Kg8 33. Nd2 Kh7 34. Qg4 Kh8 35.
Rf3 Rg8 36. Bxg6 fxg6 37. Qxg6 Qd7 38. Ne4 Rgf8 39. Bd2 Rf5 40. Rg3 Rg8 41. Rh3
Rgf8 42. Ng3 Qb5 43. Qxe6 R5f7 44. a4 Qe8 45. Qg6 Bc8 46. Rh5 c4 47. f5 Bxf5 48.
Rxf5 d3 49. cxd3 cxd3 50. Rxf7 Bc5+ 51. Kh1 Qxf7 52. Qxf7 Rxf7 53. e6 Rb7 54.
Re1 Bf2 55. e7 1-0

[Event "21st European Teams Women"]
[Site "Hersonissos GRE"]
[Date "2017.10.31"]
[Round "4.8"]
[Board "2"]
[White "Badelka, Olga"]
[Black "Zaksaite, Salomeja"]
[Result "1-0"]
[WhiteTitle "WIM"]
[BlackTitle "WIM"]
[WhiteElo "2353"]
[BlackElo "2272"]
[WhiteTeam "Belarus"]
[BlackTeam "Lithuania"]
[WhiteFideId "13509926"]
[BlackFideId "12801496"]
[EventDate "2017.10.28"]

1. d4 Nf6 2. c4 g6 3. Nc3 d5 4. e3 Bg7 5. cxd5 Nxd5 6. Nxd5 Qxd5 7. Ne2 O-O 8.
Nc3 Qd6 9. Be2 c6 10. O-O e5 11. dxe5 Qxe5 12. e4 Qe7 13. Qc2 Nd7 14. Be3 Nf6
15. Rad1 Re8 16. f3 b6 17. Rd2 Bb7 18. Rfd1 Nd5 19. Nxd5 cxd5 20. Bf2 Rac8 21.
Qb3 Bh6 22. Rd4 Red8 23. Qa3 Qxa3 24. bxa3 Rc2 25. Bb5 Rxa2 26. exd5 Rxa3 27.
Bc6 Bc8 28. Re4 Bd7 29. Bxd7 Rxd7 30. Re8+ Bf8 31. Bg3 f6 32. Rc8 Kf7 33. d6 Re3
34. Rc7 Ke8 35. Ra1 a5 36. Rc6 Rb3 37. Re1+ Kd8 38. Rec1 Ke8 39. Rc8+ Kf7 40.
R1c7 Rb1+ 41. Kf2 Rb2+ 42. Kf1 Rxc7 43. dxc7 Rc2 44. Ra8 b5 45. c8=Q Rxc8 46.
Rxc8 a4 47. Ke2 b4 48. Kd3 b3 49. Kc3 Bg7 50. Ra8 f5+ 51. Kd3 b2 1-0

[Event "21st European Teams Women"]
[Site "Hersonissos GRE"]
[Date "2017.10.31"]
[Round "4.8"]
[Board "3"]
[White "Kiseleva, Simona"]
[Black "Stetsko, Lanita"]
[Result "1-0"]
[WhiteTitle "WIM"]
[BlackTitle "FM"]
[WhiteElo "2241"]
[BlackElo "2254"]
[WhiteTeam "Lithuania"]
[BlackTeam "Belarus"]
[WhiteFideId "12802506"]
[BlackFideId "13505300"]
[EventDate "2017.10.28"]

1. d4 Nf6 2. c4 e6 3. Nf3 d5 4. Nc3 Bb4 5. Qb3 c5 6. dxc5 Na6 7. a3 Bxc3+ 8.
Qxc3 Nxc5 9. Bg5 Nce4 10. Bxf6 Qxf6 11. Qxf6 Nxf6 12. cxd5 Nxd5 13. Rc1 Bd7 14.
e3 Ke7 15. Bd3 Rac8 16. Ke2 h6 17. Ne5 Rxc1 18. Rxc1 Rc8 19. Rxc8 Bxc8 20. h4
Nb6 21. Kd2 Nd7 22. Nf3 Kd6 23. Nd4 a6 24. b4 Ne5 25. Be2 Bd7 26. g3 Ba4 27. Kc3
Bd7 28. e4 Nc6 29. Nb3 f5 30. Nc5 Bc8 31. exf5 exf5 32. f4 a5 33. Bf3 axb4+ 34.
axb4 Nd8 35. Nb3 Ne6 36. Na5 b5 37. Nb3 g5 38. hxg5 hxg5 39. Nd4 gxf4 40. Nxe6
Bxe6 41. gxf4 Bc4 42. Bg2 Be6 43. Kd4 Bf7 44. Bf3 Be8 45. Bd1 Bd7 46. Bb3 Bc8
47. Ba2 Bb7 48. Bf7 Bg2 49. Bg6 Bh3 50. Bh7 Bg4 51. Ke3 Bh3 52. Bg6 Kd5 53. Bf7+
Kd6 54. Kf2 Ke7 55. Bd5 Kd7 56. Bf3 Kd6 57. Be2 Kd5 58. Kg3 Bg4 59. Bxg4 fxg4
60. f5 1-0

[Event "21st European Teams Women"]
[Site "Hersonissos GRE"]
[Date "2017.10.31"]
[Round "4.8"]
[Board "4"]
[White "Ilyuchyk, Yana"]
[Black "Gailiunaite, Saule"]
[Result "1-0"]
[WhiteElo "1992"]
[BlackElo "1838"]
[WhiteTeam "Belarus"]
[BlackTeam "Lithuania"]
[WhiteFideId "13508407"]
[BlackFideId "12807737"]
[EventDate "2017.10.28"]

1. e4 d5 2. exd5 Qxd5 3. Nc3 Qa5 4. d4 Nf6 5. Nf3 Bf5 6. Bd2 c6 7. Ne4 Qc7 8.
Nxf6+ gxf6 9. g3 e6 10. Bg2 Bd6 11. O-O Nd7 12. Re1 O-O-O 13. c4 h5 14. c5 Be7
15. Qa4 h4 16. Qxa7 hxg3 17. hxg3 Qb8 18. Qxb8+ Nxb8 19. b4 Na6 20. a4 Nc7 21.
Ra2 Bg4 22. Be3 Nd5 23. b5 Kc7 24. Bd2 Ra8 25. Nh2 Bf5 26. a5 Kd7 27. Rb2 Bh3
28. bxc6+ bxc6 29. Bxd5 cxd5 30. Rb7+ Kd8 31. a6 e5 32. g4 Bxg4 33. Nxg4 Rg8 34.
f3 f5 35. Ba5+ Kc8 36. Rc7+ Kd8 37. Ra7+ 1-0

[Event "21st European Teams Women"]
[Site "Hersonissos GRE"]
[Date "2017.10.31"]
[Round "4.9"]
[Board "1"]
[White "Mammadzada, Gunay"]
[Black "Paehtz, Elisabeth"]
[Result "0-1"]
[WhiteTitle "WGM"]
[BlackTitle "IM"]
[WhiteElo "2393"]
[BlackElo "2453"]
[WhiteTeam "Azerbaijan"]
[BlackTeam "Germany"]
[WhiteFideId "13403729"]
[BlackFideId "4641833"]
[EventDate "2017.10.28"]

1. e4 c5 2. Nf3 d6 3. d4 cxd4 4. Nxd4 Nf6 5. Nc3 a6 6. h3 e5 7. Nb3 Be7 8. g4
Be6 9. g5 Nfd7 10. h4 Nc6 11. f4 exf4 12. Bxf4 Nde5 13. Be2 h6 14. Nd5 hxg5 15.
Be3 Bxd5 16. exd5 Na5 17. Nd2 Rc8 18. h5 b5 19. O-O O-O 20. a4 Nac4 21. Bd4 Nb6
22. axb5 axb5 23. Bxb5 Nxd5 24. Ne4 Nc7 25. Ba4 Ne6 26. Bb3 Nxd4 27. Qxd4 Qd7
28. Ng3 Qh3 29. Nf5 Bf6 30. Qe3 Qxh5 31. Ra4 g4 32. Qf4 Qh3 33. Nh6+ gxh6 34.
Qxf6 Qg3+ 35. Kh1 Qh3+ 36. Kg1 Nf3+ 37. Kf2 Qh2+ 38. Ke3 Rfe8+ 39. Re4 Qd2# 0-1

[Event "21st European Teams Women"]
[Site "Hersonissos GRE"]
[Date "2017.10.31"]
[Round "4.9"]
[Board "2"]
[White "Hoolt, Sarah"]
[Black "Fataliyeva, Ulviyya"]
[Result "0-1"]
[WhiteTitle "WGM"]
[BlackTitle "WIM"]
[WhiteElo "2423"]
[BlackElo "2348"]
[WhiteTeam "Germany"]
[BlackTeam "Azerbaijan"]
[WhiteFideId "24606812"]
[BlackFideId "13403052"]
[EventDate "2017.10.28"]

1. e4 e6 2. d4 d5 3. e5 c5 4. c3 Nc6 5. Nf3 Qb6 6. a3 Nh6 7. Bd3 cxd4 8. cxd4
Bd7 9. Bc2 Nf5 10. Bxf5 exf5 11. Nc3 Be6 12. O-O Be7 13. Na4 Qd8 14. b4 O-O 15.
Ra2 b6 16. Bd2 Rc8 17. Rc2 h6 18. Qc1 Qd7 19. Nb2 g5 20. Rc3 g4 21. Bxh6 gxf3
22. Qf4 Kh7 23. Rxf3 Rg8 24. Rh3 Rg6 25. Rd1 Rh8 26. Rdd3 Kg8 27. Rhg3 Rh7 28.
Rc3 Nxd4 29. Qxd4 Rxh6 30. f4 Kg7 31. Rgd3 Bd8 32. a4 Qe7 33. Rh3 Rh4 34. Rhf3
Rhh6 35. Rh3 Rxh3 36. Rxh3 a5 37. bxa5 Qc5 38. Qxc5 bxc5 39. Rb3 Bxa5 40. Rb5
Bc3 41. Nd3 Bd7 42. Rb7 Bxa4 43. Kf1 Bd4 44. Ne1 Ra6 45. g3 Bc6 46. Rc7 Bb5+ 47.
Kg2 Ra2+ 48. Kh3 Bf1+ 49. Kh4 Rxh2+ 50. Kg5 Be2 0-1

[Event "21st European Teams Women"]
[Site "Hersonissos GRE"]
[Date "2017.10.31"]
[Round "4.9"]
[Board "3"]
[White "Mammadova, Gulnar"]
[Black "Michna, Marta"]
[Result "1-0"]
[WhiteTitle "IM"]
[BlackTitle "WGM"]
[WhiteElo "2385"]
[BlackElo "2376"]
[WhiteTeam "Azerbaijan"]
[BlackTeam "Germany"]
[WhiteFideId "13403508"]
[BlackFideId "1106686"]
[EventDate "2017.10.28"]

1. e4 e6 2. d3 c5 3. g3 Nc6 4. Bg2 g6 5. Nf3 Bg7 6. O-O Nge7 7. Nbd2 d6 8. c3
Qc7 9. Re1 b6 10. Nb3 Bb7 11. d4 e5 12. Be3 O-O 13. Qd2 a5 14. d5 Nb8 15. c4 a4
16. Nc1 Ba6 17. Bf1 Nd7 18. Qc2 Rfb8 19. Qxa4 b5 20. cxb5 Bxb5 21. Qc2 Nf6 22.
Bxb5 Rxb5 23. Nd2 Ng4 24. Nc4 f5 25. f3 Nxe3 26. Rxe3 fxe4 27. fxe4 Nc8 28. a4
Nb6 29. axb5 Rxa1 30. Ra3 Rxa3 31. bxa3 Nxc4 32. Qxc4 Qa5 33. Nb3 Qd8 34. a4 Bh6
35. a5 Be3+ 36. Kg2 Qf8 37. Qe2 Bd4 38. b6 Qc8 39. a6 c4 40. b7 Qc7 41. Nxd4
exd4 42. Qb2 1-0

[Event "21st European Teams Women"]
[Site "Hersonissos GRE"]
[Date "2017.10.31"]
[Round "4.9"]
[Board "4"]
[White "Levushkina, Elena"]
[Black "Balajayeva, Khanim"]
[Result "1-0"]
[WhiteTitle "WGM"]
[BlackTitle "WFM"]
[WhiteElo "2309"]
[BlackElo "2319"]
[WhiteTeam "Germany"]
[BlackTeam "Azerbaijan"]
[WhiteFideId "14200686"]
[BlackFideId "13406396"]
[EventDate "2017.10.28"]

1. e4 e5 2. Nf3 Nc6 3. Bc4 Nf6 4. d3 Bc5 5. c3 O-O 6. O-O d5 7. exd5 Nxd5 8.
Nbd2 Nb6 9. b4 Be7 10. b5 Na5 11. Nxe5 Naxc4 12. Ndxc4 Nxc4 13. Nxc4 a6 14. bxa6
Rxa6 15. Bf4 Be6 16. Ne3 Rxa2 17. Rxa2 Bxa2 18. c4 c6 19. Qd2 Bb3 20. Rb1 Ba4
21. Rxb7 Bc5 22. h3 Qd4 23. Ng4 h5 24. Be5 Qd8 25. Nh6+ Kh7 26. Nxf7 Rxf7 27.
Rxf7 Bf8 28. d4 Qe8 29. Ra7 c5 30. Qg5 Bd7 31. dxc5 Qf7 32. Rc7 Qe6 33. c6 1-0

[Event "21st European Teams Women"]
[Site "Hersonissos GRE"]
[Date "2017.10.31"]
[Round "4.10"]
[Board "1"]
[White "Unuk, Laura"]
[Black "Sahl, Sheila Barth"]
[Result "1-0"]
[WhiteTitle "WIM"]
[BlackTitle "WIM"]
[WhiteElo "2363"]
[BlackElo "2180"]
[WhiteTeam "Slovenia"]
[BlackTeam "Norway"]
[WhiteFideId "14609215"]
[BlackFideId "1500953"]
[EventDate "2017.10.28"]

1. d4 d5 2. c4 e6 3. Nf3 Nf6 4. Nc3 Bb4 5. Qa4+ Nc6 6. e3 O-O 7. Qc2 Re8 8. Bd2
Bf8 9. a3 a5 10. Be2 Ne7 11. O-O Nf5 12. Rad1 c6 13. c5 Nd7 14. e4 Ne7 15. b4
axb4 16. axb4 b6 17. Ra1 Rxa1 18. Rxa1 bxc5 19. dxc5 Bb7 20. exd5 exd5 21. Bd3
g6 22. Bf4 Nc8 23. h4 Bg7 24. Ra3 Ne5 25. Bxe5 Bxe5 26. Nxe5 Rxe5 27. g3 Qf6 28.
Ne2 Re8 29. Qc3 Kg7 30. Kg2 Ne7 31. h5 Qxc3 32. Nxc3 Rb8 33. hxg6 hxg6 34. Ra7
Kf6 35. g4 g5 36. Kg3 Ke5 37. Ne2 Ng8 38. f3 Ne7 39. Ra1 Bc8 40. Ra7 Kf6 41. b5
cxb5 42. Nd4 Rb7 43. Ra1 Rc7 44. Rc1 Bd7 45. f4 Nc6 46. Nxb5 Rb7 47. Rf1 Be6 48.
Rh1 gxf4+ 49. Kxf4 Ke7 50. Rb1 Rb8 51. Na7 Rb4+ 52. Ke3 Rxg4 53. Nxc6+ Kf6 54.
Rf1+ Kg5 55. Ne5 d4+ 56. Ke2 Rf4 57. Rxf4 Kxf4 58. Nc6 Bd7 59. Nxd4 Bg4+ 60. Kd2
Ke5 61. Kc3 Kd5 62. Nb3 Bd1 63. Bc4+ Kc6 64. Kd4 f6 65. Na5+ Kc7 66. Bd5 Ba4 67.
Nc4 Bb5 68. Nd6 Ba4 69. Ne4 f5 70. Nd6 Bd7 71. Ke5 Kb8 72. Nxf5 Ka7 73. Nd4 Ka6
74. Kd6 Ba4 75. Bc6 Bd1 76. Bb5+ Kb7 77. c6+ Kb6 78. c7 Bg4 79. Bd7 1-0